Do kín prišla RABAKA Hovoríme s režisérom, scenáristom a hudobným skladateľom Dušanom Rapošom

Podrobná bibliografia
Hlavní autori: Rapoš, Dušan, 1953- (Autor), Kopicová, Gabriela (Autor)
Médium: Článok
Jazyk:slovenčina
Fyzický popis:Obr. 4.
Predmet:

MARC

LEADER 00000nab a2200000 a 4500
001 vtls000351639
003 SK-MaSNL
005 20260303043203.0
008 160215c1989 xo 0 slo
015 |a SNBRB19rr/mm-uuuuu 
035 |a CL0351761 
040 |a SNKBUCL  |b slo  |c SNKBUCL  |e AACR2 
041 0 |a slo 
044 |a xo  |c SK 
080 |a 791.43(437.6)  |2 1981 
080 |a 791.44.071.1  |2 1981 
080 |a 78.071.1  |2 1981 
080 |a 929 Rapoš, Dušan  |2 1981 
100 1 |a Rapoš, Dušan,  |d 1953-  |4 aut  |9 98579 
245 1 0 |a Do kín prišla RABAKA  |b Hovoríme s režisérom, scenáristom a hudobným skladateľom Dušanom Rapošom  |c Dušan Rapoš, Gabriela Kopicová ; Boris Filan 
300 |b Obr. 4. 
500 |a (Autor námetu, scenára a textov piesní Boris Filan. Réžia Dušan Rapoš.) 
650 0 7 |a Rabaka (film)  |2 snkbucl  |9 953890 
655 7 |a články z novín a časopisov  |2 snkbucl  |9 267496 
700 1 |a Kopicová, Gabriela  |4 aut  |9 697515 
773 0 |t Život  |g Roč. 39, č. 22 (1989), s. 30-31 
850 |a Slovenská národná knižnica v Martine  |a MTA001 
852 |a SNK  |b KIS3GCP 
958 |a BX 
958 |a RK 
992 |a RBX 
999 |c 1695813  |d 1697743